LEADER 02020oas 2200817 a 450 001 9910130839103321 005 20260218110708.0 011 $a2163-0895 035 $a(DE-599)ZDB2100154-6 035 $a(OCoLC)49371334 035 $a(CONSER) 2009236986 035 $a(CKB)110978978196074 035 $a(DE-599)2100154-6 035 $a(EXLCZ)99110978978196074 100 $a20020109a19759999 uy a 101 0 $aeng 135 $aurunu|||||||| 181 $ctxt$2rdacontent 182 $cc$2rdamedia 183 $acr$2rdacarrier 200 00$aBrooklyn journal of international law 210 $aBrooklyn, N.Y. $cBrooklyn Law School 215 $a1 online resource (volumes) 300 $aRefereed/Peer-reviewed 311 08$a0740-4824 606 $aInternational law$vPeriodicals 606 $aDroit international$vPe?riodiques 606 $aInternational law$2fast$3(OCoLC)fst00976984 606 $aDret internacional$2thub 608 $aLaw reviews.$2fast 608 $aPeriodicals.$2fast 608 $aLaw reviews.$2lcgft 608 $aRevistes electròniques.$2thub 608 $aRevues de droit.$2rvmgf 615 0$aInternational law 615 6$aDroit international 615 7$aInternational law. 615 7$aDret internacional. 712 02$aBrooklyn Law School 801 0$bPUL 801 1$bPUL 801 2$bOCLCQ 801 2$bMUQ 801 2$bFPS 801 2$bOCLCQ 801 2$bRCJ 801 2$bTXJ 801 2$bNDO 801 2$bHEBIS 801 2$bDLC 801 2$bOCLCQ 801 2$bOCLCF 801 2$bVT2 801 2$bOCLCQ 801 2$bBUF 801 2$bOCL 801 2$bUUM 801 2$bAUD 801 2$bOCLCQ 801 2$bEMI 801 2$bFIE 801 2$bUAB 801 2$bCEF 801 2$bS2H 801 2$bOCLCL 801 2$bSRU 801 2$bUEJ 906 $aJOURNAL 912 $a9910130839103321 996 $aBrooklyn journal of international law$9798716 997 $aUNINA